| 000 | 00511nam a2200169Ia 4500 | ||
|---|---|---|---|
| 003 | IN-BaIIA | ||
| 008 | 211028s9999 xx 000 0 eng d | ||
| 040 | _cIIA Library | ||
| 080 |
_a331.2 _bSIT |
||
| 110 |
_aIndia .C Sitaraman and Company _98319 |
||
| 245 | 4 |
_aThe Additional emoluments (Compulsory Deposit) Act, 1974 with notification _cC Sitaraman and Company |
|
| 260 |
_aMadras _bC. Sitaraman _c1974 |
||
| 300 | _a27p. | ||
| 650 |
_a Pay and Emoluments _98320 |
||
| 650 | _aNASA Thesaurus | ||
| 942 | _cBK | ||
| 999 |
_c4695 _d4695 |
||